000 00714nam a22002057a 4500
005 20251108165154.0
008 250721s1999 xx 000 0 ara d
082 1 4 _a547.84/شري
100 1 _aشريف، السيد عبد المجيد
245 1 0 _aالبلاستيك و المطاط و الألياف الصناعية في حياتنا المعاصرة /
264 1 _aالقاهره :
_bمركز الأهرام للترجمة و النشر،
_c1999.
300 _a119ص.
490 0 _aسلسلة العلم و الحياة ؛ 7
650 1 7 _aالبلمرة
650 1 7 _aالألياف الصناعية
650 1 7 _aالبلاستيك
650 1 7 _aالمطا
942 _2ddc
_cBK
999 _c21236
_d21236